[Event "Open Alimini A"]
[Site "Otranto ITA"]
[Date "2011.05.25"]
[Round "6"]
[White "Drazic, Sinisa"]
[Black "Naumkin, Igor"]
[WhiteElo "2486"]
[BlackElo "2506"]
[Result "1/2-1/2"]
[PlyCount "47"]
[EventDate "2011.05.21"]

1. d4 Nf6 2. c4 e6 3. Nf3 b6 4. g3 Bb7 5. Bg2 Be7 6. O-O O-O 7. Nc3 Ne4 8. Nxe4
Bxe4 9. Ne1 Bxg2 10. Nxg2 d5 11. Qa4 dxc4 12. Qxc4 c5 13. Be3 cxd4 14. Qxd4
Qxd4 15. Bxd4 Nc6 16. Bc3 Rfd8 17. Rfd1 Rxd1+ 18. Rxd1 Rd8 19. Rxd8+ Bxd8 20.
Kf1 f6 21. e4 Kf7 22. Ke2 Be7 23. Ne3 h5 24. h3 1/2-1/2

[Event "Open Alimini A"]
[Site "Otranto ITA"]
[Date "2011.05.25"]
[Round "6"]
[White "Kogan, Artur"]
[Black "Godena, Michele"]
[WhiteElo "2556"]
[BlackElo "2528"]
[Result "1/2-1/2"]
[PlyCount "115"]
[EventDate "2011.05.21"]

1. e4 e5 2. Nf3 Nc6 3. Bc4 Bc5 4. d3 Nf6 5. Nc3 d6 6. Bg5 Na5 7. Bb3 c6 8. d4
Nxb3 9. axb3 exd4 10. Nxd4 h6 11. Bh4 O-O 12. O-O Re8 13. Qd3 d5 14. exd5 g5
15. Bg3 Nxd5 16. Qc4 Nxc3 17. bxc3 Bb6 18. Rfe1 Rxe1+ 19. Rxe1 Bd7 20. Re5 Qf8
21. Nf5 Re8 22. Qe4 Rxe5 23. Bxe5 Bxf5 24. Qxf5 Qe7 25. h4 gxh4 26. Kh2 Qe6 27.
Qxe6 fxe6 28. Kg1 Kf7 29. Kf1 Bd8 30. c4 b5 31. cxb5 cxb5 32. Ke2 Kg6 33. Kd3
Kf5 34. Bd6 e5 35. c4 bxc4+ 36. Kxc4 Ke4 37. Bc5 a6 38. Be3 h5 39. Bd2 h3 40.
f3+ Kf5 41. gxh3 e4 42. fxe4+ Kxe4 43. Kc5 Kf3 44. Be1 Kg2 45. h4 Kf1 46. Bg3
Kg2 47. Be1 Kh3 48. b4 Bxh4 49. Bxh4 Kxh4 50. Kb6 Kg4 51. Kxa6 h4 52. b5 h3 53.
b6 h2 54. b7 h1=Q 55. b8=Q Qa1+ 56. Kb7 Qb2+ 57. Kc8 Qxb8+ 58. Kxb8 1/2-1/2

[Event "Open Alimini A"]
[Site "Otranto ITA"]
[Date "2011.05.25"]
[Round "6"]
[White "Korneev, Oleg"]
[Black "Adrian, Claude"]
[WhiteElo "2573"]
[BlackElo "2267"]
[Result "1-0"]
[PlyCount "77"]
[EventDate "2011.05.21"]

1. e4 e6 2. d4 d5 3. Nd2 Nf6 4. e5 Nfd7 5. c3 c5 6. f4 Nc6 7. Ndf3 Qb6 8. a3 f6
9. Bd3 Be7 10. Ne2 O-O 11. h4 cxd4 12. cxd4 fxe5 13. fxe5 Ndxe5 14. dxe5 Rxf3
15. gxf3 Nxe5 16. Nc3 Bxh4+ 17. Kd2 Qf2+ 18. Qe2 Nxf3+ 19. Kd1 Qg3 20. Rf1 Nd4
21. Qe3 e5 22. Qxg3 Bxg3 23. Ne2 Nxe2 24. Bxe2 Be6 25. Rg1 Bf2 26. Rg2 Bb6 27.
Bg4 Bf7 28. Bd2 e4 29. Rc1 d4 30. Bb4 d3 31. Kd2 Bd5 32. Rg3 Bd4 33. Rc8+ Rxc8
34. Bxc8 Bxb2 35. Rg5 Bc4 36. Bxb7 Bf6 37. Rc5 e3+ 38. Kxe3 Bg5+ 39. Rxg5 1-0

[Event "Open Alimini A"]
[Site "Otranto ITA"]
[Date "2011.05.25"]
[Round "6"]
[White "Lanzani, Giuliano"]
[Black "O'Leary, Matt"]
[WhiteElo "1970"]
[BlackElo "2007"]
[Result "1-0"]
[PlyCount "55"]
[EventDate "2011.05.21"]

1. e4 c5 2. Nf3 Nc6 3. d4 cxd4 4. Nxd4 g6 5. Be2 Bg7 6. Nb3 Nf6 7. Nc3 O-O 8.
Be3 d6 9. Qd2 Re8 10. f3 Bd7 11. g4 Be6 12. O-O-O a6 13. h4 h5 14. gxh5 Nxh5
15. Rdg1 Bxb3 16. cxb3 e5 17. Kb1 b5 18. Nd5 Rb8 19. Bg5 f6 20. Bh6 Kh7 21.
Bxg7 Nxg7 22. f4 f5 23. h5 g5 24. Rxg5 exf4 25. Qxf4 Rxe4 26. Rxg7+ Kxg7 27.
Rg1+ Kh8 28. Qh6# 1-0

[Event "Open Alimini A"]
[Site "Otranto ITA"]
[Date "2011.05.25"]
[Round "6"]
[White "Lanzani, Mario"]
[Black "Brunello, Marina"]
[WhiteElo "2373"]
[BlackElo "2177"]
[Result "0-1"]
[PlyCount "94"]
[EventDate "2011.05.21"]

1. e4 c5 2. Nf3 d6 3. d4 cxd4 4. Nxd4 Nf6 5. Nc3 a6 6. Be2 e5 7. Nb3 Be7 8. O-O
O-O 9. Kh1 Nc6 10. f3 Be6 11. Nd5 Bxd5 12. exd5 Nb8 13. a4 Nbd7 14. a5 Nh5 15.
g3 g6 16. Be3 f5 17. f4 Ng7 18. c4 exf4 19. gxf4 Re8 20. Bf3 Rc8 21. Rc1 Nc5
22. Bd4 Kh8 23. Bc3 Nd7 24. Nd4 Bf6 25. b3 Re3 26. Qd2 Re7 27. b4 Rxc4 28. Ne6
Qc8 29. Bxf6 Nxf6 30. Qb2 Nxe6 31. Qxf6+ Rg7 32. Rce1 Nxf4 33. Re7 Qg8 34. Rfe1
Rc8 35. Qd4 g5 36. h4 h6 37. Qf6 Ng6 38. Rxb7 Rf8 39. Rxg7 Qxg7 40. Qxg7+ Kxg7
41. hxg5 hxg5 42. Re6 g4 43. Bg2 f4 44. Rxd6 f3 45. Rxa6 Nf4 46. Bxf3 gxf3 47.
Kg1 Nd3 0-1

[Event "Open Alimini A"]
[Site "Otranto ITA"]
[Date "2011.05.25"]
[Round "6"]
[White "Messina, Roberta"]
[Black "Du Plessis, Heinco"]
[WhiteElo "1897"]
[BlackElo "2120"]
[Result "1-0"]
[PlyCount "77"]
[EventDate "2011.05.21"]

1. c4 e5 2. d3 Nf6 3. Nf3 Nc6 4. e3 d5 5. cxd5 Nxd5 6. a3 a5 7. Nc3 Be6 8. Nxd5
Bxd5 9. e4 Be6 10. Qa4 Qd7 11. Be3 Rd8 12. Rc1 f6 13. Qb5 Qc8 14. d4 Bd7 15.
dxe5 fxe5 16. Nxe5 Bd6 17. Nxd7 Qxd7 18. Qxb7 Bc5 19. Bb5 Bxe3 20. Bxc6 Bxc1
21. Bxd7+ Rxd7 22. O-O Bf4 23. Qa8+ Rd8 24. Qc6+ Ke7 25. Qc5+ Bd6 26. Qxa5 c5
27. g3 h5 28. Qc3 Kf7 29. Qc4+ Kf8 30. Re1 h4 31. Rd1 hxg3 32. hxg3 Ke7 33. Qc3
Ke6 34. Qb3+ Ke7 35. Qb7+ Rd7 36. Qd5 Rdd8 37. e5 Bb8 38. Qxc5+ Ke6 39. Qb6+
1-0

[Event "Open Alimini A"]
[Site "Otranto ITA"]
[Date "2011.05.25"]
[Round "6"]
[White "Palmitessa, Chiara"]
[Black "Coimbra, Margarida"]
[WhiteElo "1927"]
[BlackElo "2110"]
[Result "0-1"]
[PlyCount "54"]
[EventDate "2011.05.21"]

1. e4 e5 2. Nf3 Nc6 3. Bc4 Bc5 4. O-O Nf6 5. d4 exd4 6. e5 d5 7. Bb5 Ne4 8.
Nxd4 Bd7 9. Bxc6 bxc6 10. f3 Ng5 11. f4 Ne4 12. Be3 Bb6 13. Nd2 Nxd2 14. Qxd2
c5 15. Nf3 d4 16. Bf2 O-O 17. Bh4 Qe8 18. Kh1 Bb5 19. f5 f6 20. exf6 Bxf1 21.
Rxf1 gxf6 22. Bxf6 Qe3 23. Qxe3 dxe3 24. Bg5 Rxf5 25. Bxe3 Re8 26. Bd2 Re2 27.
Re1 Rxf3 0-1

[Event "Open Alimini A"]
[Site "Otranto ITA"]
[Date "2011.05.25"]
[Round "6"]
[White "Piscopo, Pierluigi"]
[Black "Casadei, Mauro"]
[WhiteElo "2417"]
[BlackElo "2174"]
[Result "1-0"]
[PlyCount "103"]
[EventDate "2011.05.21"]

1. e4 e6 2. d4 d5 3. Nd2 Nf6 4. e5 Nfd7 5. Bd3 c5 6. c3 Nc6 7. Ngf3 cxd4 8.
cxd4 Qb6 9. O-O Nxd4 10. Nxd4 Qxd4 11. Nf3 Qb6 12. a3 Nc5 13. Bc2 h6 14. b4 Ne4
15. Be3 Qd8 16. Nd4 Bd7 17. Bxe4 dxe4 18. Qg4 Ba4 19. Qxe4 Qd5 20. Qxd5 exd5
21. Rfc1 Kd7 22. Bf4 Rc8 23. Rxc8 Kxc8 24. Rc1+ Kd8 25. e6 fxe6 26. Rc7 Bd7 27.
Rxb7 a5 28. bxa5 e5 29. Bxe5 Bxa3 30. a6 Ke7 31. a7 Ra8 32. Bxg7 Bc5 33. h3 Kd6
34. Nb3 Bxa7 35. Bxh6 Bc6 36. Bf4+ Ke6 37. Rc7 Ba4 38. Nc5+ Bxc5 39. Rxc5 Bb3
40. g4 Ra6 41. Rc3 Rb6 42. Re3+ Kf6 43. Be5+ Kg6 44. Rc3 Bc4 45. Kh2 Ra6 46.
Kg3 Ra2 47. h4 Re2 48. h5+ Kh7 49. Bf4 Re1 50. g5 Rh1 51. g6+ Kg7 52. Kg4 1-0

[Event "Open Alimini A"]
[Site "Otranto ITA"]
[Date "2011.05.25"]
[Round "6"]
[White "Pizzuto, Samuele Tullio"]
[Black "Virzi, Ettore"]
[WhiteElo "2136"]
[BlackElo "1963"]
[Result "1-0"]
[PlyCount "71"]
[EventDate "2011.05.21"]

1. e4 e5 2. Nc3 Nc6 3. Nf3 Nf6 4. g3 d5 5. exd5 Nxd5 6. Bg2 Nxc3 7. bxc3 Bc5 8.
O-O O-O 9. d3 Bb6 10. Rb1 h6 11. Rb5 a6 12. Rb1 Bg4 13. Qe1 Re8 14. h3 Be6 15.
c4 e4 16. Qxe4 Bxh3 17. Qf4 Bxg2 18. Kxg2 Rb8 19. Bb2 Bc5 20. Qg4 Bf8 21. Rh1
Qc8 22. Qf4 Bd6 23. Qd2 Ne5 24. Qc3 Qg4 25. Nd2 f6 26. Rh4 Qg6 27. Ne4 Be7 28.
Rh3 a5 29. Qxa5 Nc6 30. Qxc7 Qf5 31. g4 Qg6 32. Rg3 Ne5 33. Bc3 Qf7 34. Rxb7
Rxb7 35. Qxb7 Qe6 36. Qd5 1-0

[Event "Open Alimini A"]
[Site "Otranto ITA"]
[Date "2011.05.25"]
[Round "6"]
[White "Plachkinova, Tatjana"]
[Black "Thorfinnsson, Bjorn"]
[WhiteElo "2137"]
[BlackElo "2415"]
[Result "0-1"]
[PlyCount "116"]
[EventDate "2011.05.21"]

1. d4 d5 2. c4 c6 3. Nc3 Nf6 4. Nf3 e6 5. cxd5 exd5 6. Qc2 Nbd7 7. Bg5 Be7 8.
e3 O-O 9. Bd3 Re8 10. O-O Nf8 11. a3 Ne4 12. Bf4 Nxc3 13. Qxc3 h5 14. h3 g5 15.
Be5 g4 16. hxg4 hxg4 17. Nd2 f6 18. Bg3 Bd6 19. e4 Ne6 20. Rae1 Kg7 21. exd5
cxd5 22. Nb3 Rh8 23. Nc5 Ng5 24. Bb1 b6 25. Qd3 Rh6 26. Na4 Qh8 27. f4 Ne4 28.
Rxe4 dxe4 29. Qxe4 Ba6 30. Bd3 Re8 31. Qf5 Bxd3 32. Qxd3 Rh1+ 33. Kf2 Qh6 34.
Rxh1 Qxh1 35. Qd2 Re4 36. Nc3 Rxd4 37. Qe2 Bc5 38. Qxg4+ Kf7 39. Kf3 Rd3+ 40.
Ke2 Re3+ 41. Kd2 Qxg2+ 42. Ne2 Rxe2+ 43. Qxe2 Qxg3 44. Qh5+ Ke7 45. Qh7+ Kd6
46. Qh6 Qe3+ 47. Kc2 Ke6 48. Qg6 Bd4 49. Qg4+ Kd6 50. f5 a5 51. Qh5 b5 52. Qh2+
Kd5 53. Qh7 Qe2+ 54. Kc1 Qxb2+ 55. Kd1 Kc4 56. Qg8+ Kd3 57. Qg3+ Be3 58. Qd6+
Qd4 0-1

[Event "Open Alimini A"]
[Site "Otranto ITA"]
[Date "2011.05.25"]
[Round "6"]
[White "Quaranta, Cristiano"]
[Black "La Manna, Andrea"]
[WhiteElo "2110"]
[BlackElo "2199"]
[Result "1-0"]
[PlyCount "99"]
[EventDate "2011.05.21"]

1. d4 f5 2. b3 Nf6 3. Bb2 g6 4. e3 Bg7 5. Bd3 b6 6. Nf3 Bb7 7. Nbd2 e6 8. c4
Qe7 9. Qc2 O-O 10. O-O Nc6 11. a3 d5 12. Rac1 Rac8 13. b4 Ne4 14. b5 Nd8 15. c5
c6 16. cxb6 cxb5 17. Qb3 a6 18. a4 b4 19. a5 Nc6 20. Qa4 g5 21. Nb3 g4 22. Ne5
Nxe5 23. dxe5 Nc3 24. Bxc3 bxc3 25. Qd4 Qa3 26. Ra1 Qxb3 27. Rfb1 Qc4 28. Bxc4
Rxc4 29. Qd3 Bxe5 30. Rc1 Rfc8 31. Qc2 Rb4 32. h3 h5 33. hxg4 hxg4 34. Ra2 Bf6
35. Qd1 Kf7 36. Ra4 Rcc4 37. Rxb4 Rxb4 38. f3 Rb2 39. fxg4 d4 40. gxf5 Rxg2+
41. Kf1 Rh2 42. fxe6+ Kf8 43. Qa4 d3 44. Qf4 Rh1+ 45. Kf2 Ke7 46. Rxh1 Bxh1 47.
Qc7+ Kxe6 48. Qc4+ Kf5 49. Qxd3+ Be4 50. Qxa6 1-0

[Event "Open Alimini A"]
[Site "Otranto ITA"]
[Date "2011.05.25"]
[Round "6"]
[White "Sbarra, Marco"]
[Black "Altini, Nicola"]
[WhiteElo "2278"]
[BlackElo "2206"]
[Result "0-1"]
[PlyCount "56"]
[EventDate "2011.05.21"]

1. d4 d5 2. c4 c6 3. Nc3 Nf6 4. e3 a6 5. Nf3 b5 6. b3 Bg4 7. Qc2 Bxf3 8. gxf3
Nbd7 9. f4 e6 10. c5 b4 11. Ne2 Ne4 12. Ng3 f5 13. f3 Nc3 14. Bd2 Qf6 15. Bxc3
bxc3 16. Bd3 a5 17. O-O h5 18. Kh1 g5 19. fxg5 Qxg5 20. e4 h4 21. Ne2 h3 22.
Nxc3 Nxc5 23. dxc5 Bxc5 24. f4 Qg7 25. Rg1 Bxg1 26. Rxg1 Qd4 27. Nxd5 Kd7 28.
e5 Qxd5+ 0-1

[Event "Open Alimini A"]
[Site "Otranto ITA"]
[Date "2011.05.25"]
[Round "6"]
[White "Sreeves, Clement"]
[Black "Orsi, Massimiliano"]
[WhiteElo "2173"]
[BlackElo "2037"]
[Result "1-0"]
[PlyCount "87"]
[EventDate "2011.05.21"]

1. e4 e5 2. Nf3 Nc6 3. Bb5 a6 4. Ba4 Nf6 5. O-O Nxe4 6. d4 b5 7. Bb3 d5 8. dxe5
Be6 9. Nbd2 Nc5 10. c3 Be7 11. Bc2 d4 12. cxd4 Nxd4 13. Nxd4 Qxd4 14. Nf3 Qxd1
15. Rxd1 O-O 16. Ng5 Rfd8 17. Rxd8+ Rxd8 18. Bxh7+ Kh8 19. Bc2 Rd5 20. Nxe6
Nxe6 21. f4 Bc5+ 22. Kf1 Nd4 23. Be4 Rd8 24. Rb1 f5 25. exf6 gxf6 26. b4 Bb6
27. Bb2 Re8 28. Re1 Kg7 29. g4 Rh8 30. Kg2 a5 31. Rd1 Re8 32. bxa5 Rxe4 33.
axb6 Re2+ 34. Kf1 Rxb2 35. b7 Nc6 36. Rd7+ Kg6 37. Rxc7 Rb1+ 38. Kf2 Rb2+ 39.
Ke1 Rb1+ 40. Kd2 Nb8 41. Rc8 Na6 42. Ra8 Rb2+ 43. Kc1 Rxa2 44. Rxa6 1-0

[Event "Open Alimini A"]
[Site "Otranto ITA"]
[Date "2011.05.25"]
[Round "6"]
[White "Zielinski, Werner"]
[Black "Laketic, Gojko"]
[WhiteElo "2137"]
[BlackElo "2442"]
[Result "0-1"]
[PlyCount "127"]
[EventDate "2011.05.21"]

1. d4 d6 2. c4 e5 3. Nf3 e4 4. Ng5 f5 5. g3 Be7 6. Nh3 Nf6 7. Bg2 c6 8. Nc3
Nbd7 9. O-O Nb6 10. b3 d5 11. c5 Nbd7 12. Bg5 Ng4 13. Qd2 O-O 14. b4 Bxg5 15.
Qxg5 Ndf6 16. Qd2 Qe8 17. e3 Qh5 18. a4 g5 19. b5 Bd7 20. Rab1 Rf7 21. a5 Rg7
22. a6 bxa6 23. b6 Bc8 24. Qa2 h6 25. Qa4 Qe8 26. Rb2 axb6 27. cxb6 Bb7 28. Qb4
a5 29. Qa3 Qe7 30. Qxe7 Rxe7 31. Na4 Ba6 32. Ra1 Bb5 33. Nc5 Nd7 34. b7 Rb8 35.
Nxd7 Rxd7 36. Rxa5 Rdxb7 37. Ra1 Bd3 38. Rxb7 Rxb7 39. Bf1 Bxf1 40. Kxf1 Nxh2+
41. Kg2 Ng4 42. Rc1 Rb6 43. Rc2 Kf7 44. Ng1 Ke7 45. Ne2 Kd6 46. Nc3 Rb3 47. Kf1
Nh2+ 48. Ke2 Nf3 49. Kf1 h5 50. Rc1 Ra3 51. Kg2 Kd7 52. Ne2 h4 53. gxh4 Nxh4+
54. Kf1 Ra8 55. Rb1 Kc7 56. Rc1 Nf3 57. Nc3 Kd6 58. Ke2 Ra3 59. Kf1 Rb3 60. Rc2
Rb4 61. Ra2 Rb3 62. Rc2 Rb8 63. Ke2 f4 64. Kf1 0-1

[Event "Open Alimini A"]
[Site "Otranto ITA"]
[Date "2011.05.26"]
[Round "7"]
[White "Altini, Nicola"]
[Black "Conquest, Stuart C."]
[WhiteElo "2206"]
[BlackElo "2532"]
[Result "0-1"]
[PlyCount "149"]
[EventDate "2011.05.21"]

1. Nf3 d6 2. d4 Bg4 3. e4 Nf6 4. h3 Bh5 5. Bd3 e6 6. Nc3 Nc6 7. g4 Bg6 8. a3 d5
9. e5 Ne4 10. Qe2 Nxc3 11. bxc3 Na5 12. Rb1 Be7 13. h4 Rc8 14. Bg5 a6 15. Qe3
h6 16. Bxe7 Qxe7 17. Bxg6 fxg6 18. Qd3 O-O 19. Nd2 Qf7 20. Rf1 c5 21. f4 Rc6
22. dxc5 Rxc5 23. Nb3 Rb5 24. Ke2 Nc4 25. a4 Rb6 26. Rf3 Qe8 27. Ra1 Rc6 28.
Nd4 Nb2 29. Qe3 Nc4 30. Qd3 Nb2 31. Qe3 Rc7 32. a5 Nc4 33. Qd3 Nb2 34. Qe3 Rcf7
35. f5 Nc4 36. Qf4 gxf5 37. gxf5 Rxf5 38. Nxf5 Rxf5 39. Qg3 Rxe5+ 40. Kf2 Qe7
41. Kg2 Re2+ 42. Kh1 Re4 43. Rf4 Re3 44. Qg2 Rxc3 45. Re1 Re3 46. Rxe3 Nxe3 47.
Qe2 Qa3 48. Rf2 Qa1+ 49. Kh2 Qe5+ 50. Kh3 d4 51. Qf3 Nf5 52. Qf4 Qd5 53. Qf3
Qd6 54. Qf4 Qc6 55. Qf3 Qc7 56. Re2 Ne3 57. Qe4 Qf7 58. Kg3 Kh8 59. Rf2 Nf5+
60. Kh3 Qc7 61. Rf3 Qd8 62. Rb3 Qc8 63. Rf3 Kh7 64. Rb3 Kh8 65. Rf3 Ne3 66. Rf7
Nf5 67. Kg2 Nd6 68. Qg6 Nxf7 69. Qxf7 Qxc2+ 70. Kg3 Qd3+ 71. Kg2 Qe4+ 72. Kg3
d3 73. h5 d2 74. Qd7 Qc2 75. Qc8+ 0-1

[Event "Open Alimini A"]
[Site "Otranto ITA"]
[Date "2011.05.26"]
[Round "7"]
[White "Antkowiak, Grzegorz"]
[Black "Palmitessa, Chiara"]
[WhiteElo "2211"]
[BlackElo "1927"]
[Result "1-0"]
[PlyCount "45"]
[EventDate "2011.05.21"]

1. e4 e5 2. Nf3 Nc6 3. Bb5 a6 4. Ba4 b5 5. Bb3 Nf6 6. d4 Nxe4 7. dxe5 Nc5 8.
Bd5 Bb7 9. O-O Be7 10. Re1 O-O 11. Nc3 d6 12. Be3 Ne6 13. Qe2 b4 14. Ne4 dxe5
15. Bxe6 fxe6 16. Rad1 Qe8 17. Nc5 Bc8 18. Qd3 Qh5 19. Qe4 Qe8 20. Nxe5 Rf5 21.
Nxc6 Bxc5 22. Rd8 Qxd8 23. Nxd8 1-0

[Event "Open Alimini A"]
[Site "Otranto ITA"]
[Date "2011.05.26"]
[Round "7"]
[White "Bonanno, Alessandro"]
[Black "Lanzani, Mario"]
[WhiteElo "2142"]
[BlackElo "2373"]
[Result "0-1"]
[PlyCount "92"]
[EventDate "2011.05.21"]

1. e4 e6 2. d4 d5 3. Nc3 dxe4 4. Nxe4 Nd7 5. Nf3 Ngf6 6. Bg5 Be7 7. Nxf6+ Bxf6
8. Bxf6 Qxf6 9. c3 O-O 10. Bd3 e5 11. dxe5 Nxe5 12. Nxe5 Qxe5+ 13. Qe2 Qxe2+
14. Kxe2 Re8+ 15. Kd2 Be6 16. Kc2 a5 17. a4 h5 18. f4 Bd5 19. Rhg1 Re3 20. c4
Be4 21. Rad1 Re8 22. g3 Re2+ 23. Kc3 Bxd3 24. Rxd3 Rxh2 25. g4 h4 26. b4 Ra2
27. Kb3 Ree2 28. bxa5 Reb2+ 29. Kc3 Ra3+ 30. Kxb2 Rxd3 31. g5 g6 32. Rg4 h3 33.
Rh4 c5 34. Kc2 Ra3 35. Kb2 Rf3 36. Kc2 Kf8 37. Kb2 Ke7 38. Kc2 Ke6 39. Kd2 Kf5
40. Ke2 Ra3 41. Kf2 Rxa4 42. Rh7 Kg4 43. f5 Ra2+ 44. Ke3 gxf5 45. Rxf7 h2 46.
Rh7 Ra3+ 0-1

[Event "Open Alimini A"]
[Site "Otranto ITA"]
[Date "2011.05.26"]
[Round "7"]
[White "Brunello, Marina"]
[Black "Drazic, Sinisa"]
[WhiteElo "2177"]
[BlackElo "2486"]
[Result "1-0"]
[PlyCount "109"]
[EventDate "2011.05.21"]

1. e4 Nf6 2. e5 Nd5 3. d4 d6 4. Nf3 dxe5 5. Nxe5 e6 6. Be2 Nd7 7. O-O Nxe5 8.
dxe5 Bd7 9. Bf3 Bc6 10. Qe2 Qh4 11. a3 a5 12. Nd2 O-O-O 13. Ne4 h6 14. g3 Qe7
15. c4 Nb6 16. Be3 Nd7 17. b4 Nxe5 18. b5 Nxf3+ 19. Qxf3 Bxe4 20. Qxe4 Qf6 21.
c5 Qf5 22. Qc4 Rd5 23. Rac1 h5 24. b6 c6 25. Qc3 Qd3 26. Qxa5 Qa6 27. Qxa6 bxa6
28. Rfd1 Be7 29. Rxd5 exd5 30. Bd4 Bf6 31. Bxf6 gxf6 32. Re1 d4 33. Re7 Rd8 34.
Kf1 d3 35. Ke1 Kb8 36. Rc7 Re8+ 37. Kd2 Re2+ 38. Kxd3 Rxf2 39. Rxc6 Rxh2 40.
Rxf6 Rh3 41. Rxf7 Rxg3+ 42. Kd4 Rg6 43. Rh7 Rg4+ 44. Kd5 Rg5+ 45. Kc6 Rg6+ 46.
Kd7 Rg8 47. c6 h4 48. Rxh4 Rg7+ 49. Kd6 Rg6+ 50. Kc5 Rg5+ 51. Kc4 Rg8 52. Re4
Rh8 53. Kc5 a5 54. Kb5 a4 55. Ka6 1-0

[Event "Open Alimini A"]
[Site "Otranto ITA"]
[Date "2011.05.26"]
[Round "7"]
[White "Bruno, Fabio"]
[Black "Naumkin, Igor"]
[WhiteElo "2459"]
[BlackElo "2506"]
[Result "0-1"]
[PlyCount "120"]
[EventDate "2011.05.21"]

1. d4 e6 2. Nf3 Nf6 3. Bf4 b6 4. e3 Bb7 5. Bd3 Be7 6. h3 c5 7. Nbd2 O-O 8. c3
Nc6 9. O-O cxd4 10. exd4 Nd5 11. Bg3 d6 12. Qe2 a6 13. a4 Re8 14. Rfe1 Bf8 15.
Nc4 h6 16. Rad1 Rb8 17. Ne3 Nc7 18. Bb1 Ne7 19. c4 b5 20. axb5 axb5 21. b3 bxc4
22. bxc4 Qd7 23. Qd3 g6 24. Ng4 Bg7 25. Bh4 Rec8 26. Qe3 Bxf3 27. Qxf3 Ne8 28.
Qe3 Kh7 29. Bxe7 Qxe7 30. d5 e5 31. Qe2 f5 32. Nh2 e4 33. Nf1 Bc3 34. f3 Bxe1
35. Rxe1 Nf6 36. fxe4 fxe4 37. Ng3 Re8 38. Qe3 Qe5 39. Qa7+ Kg8 40. Qe3 Rbc8
41. Nxe4 Nxe4 42. Qxe4 Qxe4 43. Rxe4 Rxe4 44. Bxe4 Kg7 45. Bd3 Rf8 46. Be2 g5
47. g3 Ra8 48. Kf2 Ra3 49. h4 gxh4 50. gxh4 Rh3 51. h5 Rc3 52. Ke1 Kf6 53. Kd2
Rh3 54. Bg4 Rg3 55. Be2 Ke5 56. Ke1 Rc3 57. Kf2 Kf4 58. Kg2 Rc2 59. Kf2 Ke4 60.
Kf1 Kd4 0-1

[Event "Open Alimini A"]
[Site "Otranto ITA"]
[Date "2011.05.26"]
[Round "7"]
[White "Casadei, Mauro"]
[Black "Boffa, Mauro"]
[WhiteElo "2174"]
[BlackElo "2126"]
[Result "1-0"]
[PlyCount "57"]
[EventDate "2011.05.21"]

1. d4 f5 2. g3 Nf6 3. Bg2 d6 4. Nf3 g6 5. O-O Bg7 6. b3 O-O 7. Bb2 Ne4 8. Nbd2
Nc6 9. c4 e5 10. dxe5 Nxd2 11. Qxd2 dxe5 12. Qd5+ Kh8 13. Ba3 Re8 14. Qxd8 Nxd8
15. e4 Nf7 16. Rfe1 Be6 17. exf5 gxf5 18. Rad1 Rad8 19. Nh4 e4 20. f3 Bd4+ 21.
Rxd4 Rxd4 22. Bb2 c5 23. fxe4 Bc8 24. Nf3 Red8 25. Rd1 fxe4 26. Nxd4 Kg8 27.
Bxe4 Bg4 28. Rd2 cxd4 29. Rxd4 1-0

[Event "Open Alimini A"]
[Site "Otranto ITA"]
[Date "2011.05.26"]
[Round "7"]
[White "Coimbra, Margarida"]
[Black "Lanzani, Giuliano"]
[WhiteElo "2110"]
[BlackElo "1970"]
[Result "1/2-1/2"]
[PlyCount "21"]
[EventDate "2011.05.21"]

1. e4 c5 2. Nf3 Nc6 3. d4 cxd4 4. Nxd4 Nf6 5. Nc3 e5 6. Ndb5 d6 7. Bg5 Qa5 8.
Bd2 Qd8 9. Bg5 Qa5 10. Bd2 Qd8 11. Bg5 1/2-1/2

[Event "Open Alimini A"]
[Site "Otranto ITA"]
[Date "2011.05.26"]
[Round "7"]
[White "Du Plessis, Heinco"]
[Black "Ambrosanio, Raffaele"]
[WhiteElo "2120"]
[BlackElo "1956"]
[Result "1-0"]
[PlyCount "127"]
[EventDate "2011.05.21"]

1. e4 d6 2. d4 Nf6 3. Nc3 g6 4. Bg5 c6 5. Qd2 b5 6. Bd3 Nbd7 7. f4 Nb6 8. Nf3
h6 9. Bh4 Bg7 10. O-O Bg4 11. h3 Bxf3 12. Rxf3 Qc7 13. Re1 O-O-O 14. d5 b4 15.
Nd1 cxd5 16. Qxb4 Qc5+ 17. Qxc5+ dxc5 18. e5 Ng8 19. f5 g5 20. Ba6+ Kc7 21. Bg3
Kc6 22. Nc3 h5 23. Bb5+ Kb7 24. a4 g4 25. Rf2 Bh6 26. e6 f6 27. a5 a6 28. axb6
axb5 29. Nxb5 Kxb6 30. Bc7+ Kxb5 31. Bxd8 d4 32. Rff1 Be3+ 33. Kh1 g3 34. Rxe3
dxe3 35. Re1 Nh6 36. Bxe7 Nxf5 37. Bxf6 Re8 38. e7 Kc6 39. Bg5 Ra8 40. Kg1 Kd7
41. Kf1 Ra2 42. Bxe3 Nxe7 43. Bxc5 Ng6 44. Bd4 Ra5 45. Ke2 Rf5 46. Be3 Nh4 47.
Rg1 Kc6 48. Kd3 Rb5 49. b3 Ng6 50. Rf1 Rd5+ 51. Kc4 Ne5+ 52. Kc3 Nd7 53. Rf3 h4
54. Rf4 Rh5 55. Bd4 Rh6 56. Kd3 Kd5 57. c4+ Ke6 58. b4 Nb8 59. b5 Nd7 60. c5
Rh5 61. Kc4 Ne5+ 62. Bxe5 Rxe5 63. Kd4 Re2 64. Re4+ 1-0

[Event "Open Alimini A"]
[Site "Otranto ITA"]
[Date "2011.05.26"]
[Round "7"]
[White "Dvirnyy, Danyyil"]
[Black "Quaranta, Cristiano"]
[WhiteElo "2448"]
[BlackElo "2110"]
[Result "1-0"]
[PlyCount "31"]
[EventDate "2011.05.21"]

1. e4 e6 2. d4 d5 3. Nc3 dxe4 4. Nxe4 Bd7 5. Nf3 Bc6 6. Neg5 Nd7 7. Nxf7 Kxf7
8. Ng5+ Ke8 9. Bd3 g6 10. Nxe6 Qe7 11. O-O Qxe6 12. Re1 Qxe1+ 13. Qxe1+ Be7 14.
Qe6 Ngf6 15. Bc4 Nb6 16. Bg5 1-0

[Event "Open Alimini A"]
[Site "Otranto ITA"]
[Date "2011.05.26"]
[Round "7"]
[White "Godena, Michele"]
[Black "Brunello, Sabino"]
[WhiteElo "2528"]
[BlackElo "2537"]
[Result "1/2-1/2"]
[PlyCount "31"]
[EventDate "2011.05.21"]

1. e4 c6 2. d4 d5 3. exd5 cxd5 4. c4 Nf6 5. Nc3 e6 6. Nf3 Bb4 7. Bd3 dxc4 8.
Bxc4 O-O 9. O-O Nbd7 10. Qe2 Bxc3 11. bxc3 b6 12. Bg5 Bb7 13. Rac1 Qc7 14. Bd3
Rac8 15. Rfe1 h6 16. Bd2 1/2-1/2

[Event "Open Alimini A"]
[Site "Otranto ITA"]
[Date "2011.05.26"]
[Round "7"]
[White "Kogan, Artur"]
[Black "Korneev, Oleg"]
[WhiteElo "2556"]
[BlackElo "2573"]
[Result "1/2-1/2"]
[PlyCount "30"]
[EventDate "2011.05.21"]

1. d4 d5 2. c4 c6 3. cxd5 cxd5 4. Nc3 Nf6 5. Bf4 Nc6 6. e3 a6 7. Rc1 Bg4 8. Be2
Bxe2 9. Qxe2 e6 10. Nf3 Be7 11. O-O O-O 12. Nd2 Rc8 13. Nb3 Nd7 14. Rfd1 Re8
15. h3 h6 1/2-1/2

[Event "Open Alimini A"]
[Site "Otranto ITA"]
[Date "2011.05.26"]
[Round "7"]
[White "La Manna, Andrea"]
[Black "Messina, Roberta"]
[WhiteElo "2199"]
[BlackElo "1897"]
[Result "1-0"]
[PlyCount "47"]
[EventDate "2011.05.21"]

1. d4 Nf6 2. c4 e6 3. Nc3 Bb4 4. a3 Bxc3+ 5. bxc3 d5 6. cxd5 exd5 7. f3 O-O 8.
e3 c5 9. Bd3 Re8 10. Ne2 cxd4 11. cxd4 Nc6 12. O-O b6 13. Ra2 Bb7 14. Ng3 Rc8
15. Re2 Na5 16. Kh1 Nc4 17. e4 dxe4 18. fxe4 Qxd4 19. e5 Red8 20. exf6 Qxd3 21.
Re8+ Rxe8 22. Qxd3 Ne5 23. Qf5 Ba6 24. Re1 1-0

[Event "Open Alimini A"]
[Site "Otranto ITA"]
[Date "2011.05.26"]
[Round "7"]
[White "Navarro Lopez-Menchero, Daniel"]
[Black "Prakken, Gerrit"]
[WhiteElo "2137"]
[BlackElo "2212"]
[Result "0-1"]
[PlyCount "134"]
[EventDate "2011.05.21"]

1. e4 e5 2. Nf3 Nc6 3. Bb5 a6 4. Ba4 Nf6 5. O-O Be7 6. d3 b5 7. Bb3 d6 8. c3
O-O 9. Re1 Na5 10. Bc2 c5 11. Nbd2 Nc6 12. Nf1 h6 13. Ng3 Qc7 14. Qe2 Re8 15.
Nh4 Be6 16. Nhf5 d5 17. exd5 Bxd5 18. Nh5 Nxh5 19. Qxh5 Bf8 20. Re3 Ne7 21.
Nxe7+ Rxe7 22. Rg3 Kh8 23. d4 cxd4 24. Qf5 g6 25. Qh3 e4 26. Bxh6 Kg8 27. Qh4
Bxh6 28. Qxh6 d3 29. Rh3 Qe5 30. Qh7+ Kf8 31. Bb3 Ke8 32. Qh6 Rd8 33. Qe3 Bc4
34. Rd1 Rd6 35. Rd2 g5 36. Rh5 Rg6 37. Bd1 Rg8 38. g3 f6 39. Qb6 Kf8 40. Bb3
Kg7 41. h4 e3 42. Qxe3 Qxe3 43. fxe3 Rxe3 44. Kf2 Rge8 45. Bd1 Bf7 46. hxg5
Bxh5 47. gxf6+ Kxf6 48. Bxh5 R8e7 49. Bd1 Kf5 50. Bh5 R7e5 51. Bf3 Kg5 52. Bd1
Kf6 53. Bg4 Ke7 54. Bd1 Kd6 55. Bg4 Kc5 56. Bd1 b4 57. cxb4+ Kxb4 58. g4 Kc4
59. a3 Kd4 60. a4 a5 61. Bf3 Re7 62. Bd1 Rf7+ 63. Kg2 Ke4 64. b4 axb4 65. Rb2
Re1 66. Rxb4+ Ke3 67. Bb3 Rf4 0-1